000 00345nam a2200133 a 4500
005 20140414131905.0
008 100901s19uu xx 00 eng d
050 _aFIC
_bSt5 2000
100 _aStilton, Geronimo
245 _aPaws off, cheddarface!.
260 _aNew York :
_bScholastic,
_c2000.
440 _aGeronimo Stilton
999 _c110870
_d110870